01262nam a22002897a 450000500170000000800410001702000180005804100080007604400070008408200180009124501740010926000870028330000440037050400530041450500230046754600330049065000510052365000420057465000340061665000340065065000390068465000460072365000470076965100330081670000420084971000810089120170615020002.0010620m20139999ck ab frb 001 0 spa d a9789587615067 aspa ack04a574.52bC718c00aColombia diversidad biótica XIII : bComplejo cenagoso Zapatosa y ciénagas del Sur del Cesar - biodiversidad, conservación y manejo :ceditor J. Orlando Rangel Ch. aBogotábUniversidad Nacional de Colombia. Instituto de Ciencias Naturales.c2013 a707 p.bil., mapas.c25 cm. +e7 mapas  aIncluye referencias bibliográficas e índices aAspectos Físicos aCon resúmenes en inglés.17aDiversidad biológicazCesar (Dpt. Colombia).17aBiodiversidadzCesar (Dpt. Colombia).17aFlorazCesar (Dpt. Colombia).17aFaunazCesar (Dpt. Colombia).17aEcologíazCesar (Dpt. Colombia).17aBatimetíaz Región Caribe (Colombia).17aLimnologíaz Región Caribe (Colombia). 4aColombiazCiénaga Zapatosa1 aRangel Churio, Jesús O.d1950-eed.2 aUniversidad Nacional de Colombia (Bogotá)bInstituto de Ciencias Naturales